Ochrana spotrebiteľa v prostredí elektronického obchodu

Podstata a charakter elektronického obchodu. Výhody a nevýhody elektronického obchodovania. Ochrana slovenských spotrebiteľov v prostredí internetového obchodu.

Saved in:
Bibliographic Details
Main Author: Čihovská, Viera
Format: Book Chapter
Language:Slovak
Subjects:
Tags: Add Tag
No Tags, Be the first to tag this record!

MARC

LEADER 00000nla a2200000 4500
001 0211647
005 20240502073529.7
041 0 |a slo 
044 |a SK 
245 1 0 |a Ochrana spotrebiteľa v prostredí elektronického obchodu  |c Viera Čihovská 
520 |a Podstata a charakter elektronického obchodu. Výhody a nevýhody elektronického obchodovania. Ochrana slovenských spotrebiteľov v prostredí internetového obchodu. 
610 2 0 |a obchod elektronický 
610 2 0 |a internet 
610 2 0 |a nákup elektronický 
610 2 0 |a spotrebitelia 
610 2 0 |a ochrana spotrebiteľa 
610 2 0 |a legislatíva 
100 1 |a Čihovská, Viera